Statistics for Santa Tell Me Lyrics

Click here to take the quiz!

General Stats

  • This quiz has been taken 17 times
  • The average score is 20 of 39

Answer Stats

Chorus% Correct
Don't make me fall in {love} again
100%
If he won't be here next {year}
100%
If he won't be here next {year}
100%
It's true {love} that he thinks of
100%
Santa, tell me if you're really {there}
100%
If {he} will be, if he will be
85%
Santa, tell me if he really {cares}
85%
'Cause I can't {give} it all away
77%
"Let it {Snow}" is blasting out
77%
And I'm trying to play it {cool}
69%
Be my fire in the {cold}
62%
But I won't get in the {mood}
62%
But on New Year's Day, I woke up and he wasn't by my {side}
62%
{Feeling} Christmas all around
62%
I've been down this {road} before
62%
Now I need {someone} to hold
62%
Oh, I wanna {have} him beside me like oh-oh-oh
62%
Fell in love on Christmas {night}
54%
I'm avoiding every mistletoe until I {know}
54%
I'm not all {alone}, babe
54%
I'm not all {alone}, boy
54%
Or if it's {true} love that he thinks of
54%
This year I've got to be {smart}
54%
But I don't want a new {broken} heart
46%
But it's hard to focus when I see him {walking} around the room
46%
But it's hard to {tell} if this is just a fling
46%
On the {25}th by the fire place, oh-oh-oh
46%
So {next} Christmas
38%
So {next} Christmas
38%
i
15%
i
15%
i
15%
i
15%
i
15%
1st verse
0%
2nd Verse
0%
3rd verse
0%
Chorus
0%
Chorus
0%

Score Distribution

Percentile by Number Answered

Percent of People with Each Score

Your Score History

You have not taken this quiz